Companion to beddome's handbook to the ferns of British India (Record no. 22671)

MARC details
000 -LEADER
fixed length control field 00351nam a2200133Ia 4500
082 ## - DEWEY DECIMAL CLASSIFICATION NUMBER
Classification number 582.394(035)
Item number NAY
100 ## - MAIN ENTRY--AUTHOR NAME
Personal name Kavr, S
245 #0 - TITLE STATEMENT
Title Companion to beddome's handbook to the ferns of British India
260 ## - PUBLICATION, DISTRIBUTION, ETC. (IMPRINT)
Place of publication New Delhi
Name of publisher Pama
Year of publication 1974
650 ## - SUBJECT ADDED ENTRY--TOPICAL TERM
Topical Term Ferns
700 ## - ADDED ENTRY--PERSONAL NAME
Personal name Nayar, B K
942 ## - ADDED ENTRY ELEMENTS (KOHA)
Koha item type Books
Holdings
Withdrawn status Lost status Damaged status Not for loan Home library Current library Date acquired Cost, normal purchase price Full call number Accession Number Koha item type
        RRII Library RRII Library 16/12/2021 55.00 582.394(035) NAY 03391 Books